Two countries separated by a common language #3 - Statistics

General Stats
  • This quiz has been taken 26 times
  • The average score is 6 of 15
Answer Stats
Hint Answer % Correct
Pants Trousers
88%
Truck Lorry
80%
Subway Underground/tube
80%
Restroom Bathroom/W.C.
64%
Garbage Rubbish
64%
The Movies Cinema
60%
Cotton candy Candy floss
56%
Parking lot Car park
40%
Pantyhose Tights
28%
Fire Truck Fire Engine
24%
Double eagle (Golf) Albatross
20%
Fire Dept. Fire Brigade
12%
Signals Indicators
12%
Flatware Cutlery
8%
U.S. Congress U.K. Parliament
8%
No matching quizzes found
Score Distribution
Percent of People with Each Score
Percentile by Number Answered
Your Score History
You have not taken this quiz